000 00552nam a22001697a 4500
005 20231030110505.0
008 231030b |||||||| |||| 00| 0 eng d
020 _a040903326
041 _aEnglish
082 _a347.6 ZEF
100 _aZeffert, DT, Paizies AP and Skeen ASQ
_lEnglish
245 _aThe South African Law of Evidence /
_cDT Zeffert, AP Paizies and ASQ Skeen
260 _aDurban :
_bLexisNexis Butterworths,
_c2003
300 _bxxi, 897 pages ;
_c25 cm.
650 _alegal practice
_bLaw
942 _cBK
_6ALISON_BN_VRIES
999 _c138
_d138